Stati per età massima al primo matrimonio - Africa - Statistics

Statistiche generali
  • Questo quiz è stato fatto 10 volte
  • Il punteggio medio è 8 su 10
Statistiche sulle risposte
Età media al primo matrimonio (anni) Nazione % Corretto
30,3 Algeria
100%
28 Egitto
100%
28,5 Marocco
100%
35 Sudafrica
100%
30,6 Libia
90%
30,7 Tunisia
80%
30,5 Namibia
60%
28,7 Botswana
50%
28,5 eSwatini
40%
28,9 Gibuti
40%
Nessun quiz corrispondente trovato
Distribuzione punteggi
Percentuale di utenti per punteggio
Percentile per numero di risposta
I tuoi punteggi nel tempo
Non hai fatto questo quiz